[Event "Berlin Lichtenberger op 14th"]
[Site "Berlin"]
[Date "2015.08.19"]
[Round "5"]
[White "Boeck, Ruediger"]
[Black "Albrecht, Rainer"]
[Result "1/2-1/2"]
[WhiteElo "1815"]
[BlackElo "2072"]
[PlyCount "37"]
[EventDate "2015.08.15"]
[EventType "swiss"]
[EventRounds "9"]
[EventCountry "GER"]
[SourceTitle "EXT 2016"]
[Source "ChessBase"]
[SourceDate "2015.10.08"]
[SourceVersion "1"]
[SourceVersionDate "2015.10.08"]
[SourceQuality "1"]

1. e4 e6 2. d4 d5 3. exd5 exd5 4. Nf3 Nf6 5. Bd3 c5 6. dxc5 Bxc5 7. 0-0 0-0 8. Bg5 Nc6 9. Nbd2 Bg4 10. h3 Bh5 11. c3 Re8 12. Qb3 Qd6 13. Bxf6 gxf6 14. c4 Ne5 15. Nxe5 Rxe5 16. g4 Re3 17. Kg2 dxc4 18. Qxb7 Rb8 19. Nxc4 1/2-1/2

[Event "Berlin Lichtenberger op 14th"]
[Site "Berlin"]
[Date "2015.08.16"]
[Round "2"]
[White "Mueller, Joerg Rene"]
[Black "Boeck, Ruediger"]
[Result "1/2-1/2"]
[WhiteElo "1489"]
[BlackElo "1815"]
[PlyCount "76"]
[EventDate "2015.08.15"]
[EventType "swiss"]
[EventRounds "9"]
[EventCountry "GER"]
[SourceTitle "EXT 2016"]
[Source "ChessBase"]
[SourceDate "2015.10.08"]
[SourceVersion "1"]
[SourceVersionDate "2015.10.08"]
[SourceQuality "1"]

1. e4 e5 2. c4 Bc5 3. Nc3 Nf6 4. d3 h6 5. a3 c6 6. b4 Bb6 7. c5 Bc7 8. Be3 d5 9. exd5 Nxd5 10. Nxd5 Qxd5 11. Ne2 0-0 12. Nc3 Qe6 13. Be2 Qg6 14. 0-0 f5 15. f4 Nd7 16. Rf3 exf4 17. Bxf4 Bxf4 18. Rxf4 Qf6 19. d4 Qe6 20. Qd2 Nf6 21. Qa2 Nd5 22. Nxd5 cxd5 23. Qd2 Bd7 24. Re1 Qf6 25. Bd1 Rae8 26. Rxe8 Rxe8 27. Bb3 Bc6 28. a4 g5 29. Rf2 Re4 30. b5 Rxd4 31. Qc2 Bd7 32. Rd2 Rxd2 33. Qxd2 Be6 34. Bxd5 Bxd5 35. Qxd5+ Qf7 36. Qd4 Qe7 37. Kf2 Kf7 38. c6 b6 1/2-1/2